COMPUTER GRAPHICS AND VIRTUAL ENVIRONMENTS: FROM REALISM TO REAL-TIME (Record no. 216599)

MARC details
000 -LEADER
fixed length control field 00533nam a22001697a 4500
008 - FIXED-LENGTH DATA ELEMENTS--GENERAL INFORMATION
fixed length control field 260223b |||||||| |||| 00| 0 eng d
020 ## - INTERNATIONAL STANDARD BOOK NUMBER
International Standard Book Number 978-0-2016-2420-5
100 ## - MAIN ENTRY--PERSONAL NAME
Personal name SLATER MEL
245 ## - TITLE STATEMENT
Title COMPUTER GRAPHICS AND VIRTUAL ENVIRONMENTS: FROM REALISM TO REAL-TIME
260 ## - PUBLICATION, DISTRIBUTION, ETC.
Place of publication, distribution, etc. NEW YORK,
Name of publisher, distributor, etc. PEARSON,
Date of publication, distribution, etc. 2002,
300 ## - PHYSICAL DESCRIPTION
Extent XXIII,571P, ILL
500 ## - GENERAL NOTE
General note INCLUDES BIBLIOGRAPHICAL REFERENCES AND INDEX
650 ## - SUBJECT ADDED ENTRY
Topical term or geographic name entry element COMPUTER GRAPHICS
700 ## - ADDED ENTRY--PERSONAL NAME
Personal name STEED ANTONY , CHRYSANTHOU YIORGOS
942 ## - ADDED ENTRY ELEMENTS (KOHA)
Source of classification or shelving scheme Library of Congress Classification
Koha item type Long Loan Book
Holdings
Withdrawn status Lost status Source of classification or shelving scheme Damaged status Not for loan Collection Home library Current library Shelving location Date acquired Inventory number Total checkouts Full call number Barcode Date last seen Copy number Price effective from Koha item type
    Library of Congress Classification     Science & Technology Kisii University Library Kisii University Library On Display 02/23/2026 112038   QA 76.73 .C15 S53 2002 000000024101 02/23/2026 1 02/23/2026 Long Loan Book
    Library of Congress Classification     Science & Technology Kisii University Library Kisii University Library On Display 02/23/2026 112039   QA 76.73 .C15 S53 2002 000000023999 02/23/2026 2 02/23/2026 Long Loan Book
    Library of Congress Classification     Science & Technology Kisii University Library Kisii University Library On Display 02/23/2026 112040   QA 76.73 .C15 S53 2002 000000024100 02/23/2026 3 02/23/2026 Long Loan Book